000 02358cam a22004934i 4500
003 PE-LiUPU
005 20250731165455.0
008 150623s r 000 0 d
020 _a1850757488
035 _a(Sirsi) i9781850757481
040 _aPE-LiUPU
_bspa
_cPE-LiUPU
_erda
049 _aPRUA
082 0 4 _a221.07
_bJ
_221
100 1 _aClines, David J. A.,
_eautor.
245 1 0 _aInterested parties :
_bthe ideology of writers and readers of the Hebrew Bible.
_n233 /
_cDavid J.A. Clines.
264 1 _aMidsomer Norton, Bath, Great Britain :
_bSheffield Academic Press,
_c1995.
300 _a296 páginas ;
_c24 centímetros
336 _atext
_2rdacontent
337 _aunmediated
_2rdamedia
338 _avolume
_2rdacarrier
490 0 _aJournal for the study of the O.T. Supplement Series, 205. Gender, Culture, Theory ;
_v1
505 0 _aThe ideology of writers and readers of the Hebrew Bible. -The ten commandments, reading from left to right. -Haggai's temple, constructed, deconstructed and reconstructed. -Metacommentating Amos. -Why is there a song of songs, and what does it do to you if you read it?. -Job and the spirituality of the reformation. -A world founded on water (Psalm 24): reader response, deconstruction and bespoke interpretation. -God in the Pentateuch: reading against the grain. -David the man. -the construction of masculinity in the Hebrew bible. -Psalm 2 and the MLF (Moabite liberation front).
526 _aSEG44
526 _aSEG26
526 _aP151
526 _aP150
526 _aP149
526 _aP146
526 _aP145
526 _aP126
526 _aP125
526 _aP92
526 _aP75
526 _aP74
526 _aP27
526 _aP15
630 _aBiblia.
_pA.T.
_pPentateuco
_xCrítica, interpretación, etc.
942 _2ddc
_cBOOK
949 _aRC 221.07 J 233
_wDEWEY
_c1
_i45033
_lCCODEBUL1
_mBUL
_r0
_sY
_tBOOK
_u2015-6-24
_xTEOLOGIA
_PP35
_0COMPRA
_o.CIRCNOTE. No olvidar cambiar la fecha de devolución!!!!!!!
_o.STAFF. Colección General
994 _aC0
_bPEPRU
596 _a1
999 _aRC 221.07 J 233
_wDEWEY
_c21914
_i45033
_f2021-11-8
_g6
_lCCODEBUL1
_mBUL
_r1
_sY
_tBOOK
_u2015-6-24
_xTEOLOGIA
_PP35
_0COMPRA
_o.CIRCNOTE. No olvidar cambiar la fecha de devolución!!!!!!!
_o.STAFF. Colección General
_d21914
980 _81
_gALBERTO SANCHEZ Responsable de Automatización